00710nam a2200229 4500001001400000005001700014008004100031010001300072015001400085020001500099035002200114040001000136041001100146043002100157050002100178100004000199245004500239260004100284300005300325500007900378600002300457NYPG92-B7136920000629181822.0921106s1971 enkacf 001 0 eng  a72175262 aB71-30722 a0283978112 a(WaOLN)nyp1648654 dWaOLN1 aengger ae-gx---ae-uk-en00aCS629b.B66 19711 aLeibholz-Bonhoeffer, Sabine,d1906-14aThe Bonhoeffers:b portrait of a family. aChicagobCovenant Publicationsc1994 axviii, 203 p., 8 plates.billus., ports.c23 cm. aOriginally published in 1968 under title: Vergangen, erlebt, überwunden.30aBonhoeffer family.